Včera a dnes listy benátskeho patriarchu

Bibliographic Details
Main Author: Luciani, Albino, 1912-1978 (Author)
Other Authors: Ondruš, Rajmund, 1929-2011 (Translator), Beghetto, Angelo (Author of introduction, etc.), Bárta, Igor (Cover designer)
Format: Book
Language:Slovak
Italian
Published: Cambridge Priatelia dobrej knihy 1982
Edition:2. vyd.
Subjects:

MARC

LEADER 00000nam a2200000 a 4500
001 vtls001177472
003 SK-MaSNL
005 20260301094441.0
008 250414s1982 xxc g 000 0 slo
015 |a SNBZSA1982 
020 |a 092015073X 
035 |a SNK000120472 
035 |a urn:nbn:sk:snk-amjbqz 
035 |a urn:nbn:sk:snk-am002w8g 
035 |a D92A0344-F1D7-4B3B-8B16-579FE9DAB562 
040 |a SNK  |b slo  |c SNK  |e AACR2 
041 1 |a slo  |h ita 
044 |a xxc  |c CA 
080 |a 304:17  |2 1981 
080 |a 17  |2 1981 
080 |a 244  |2 1981 
100 1 |a Luciani, Albino,  |d 1912-1978  |4 aut  |9 314876 
240 1 0 |a Illustrissimi  |l Slovensky 
245 1 0 |a Včera a dnes  |b listy benátskeho patriarchu  |c Albino Luciani ; [prel. Rajmund Ondruš ; predhovor Angelo Beghetto ; obál. Igor Bárta] 
250 |a 2. vyd. 
260 |a Cambridge  |b Priatelia dobrej knihy  |c 1982 
300 |a 318 s.  |c 20 cm 
500 |a Vysvetl. 
600 1 7 |a Ján Pavol  |b I.,  |c pápež,  |d 1912-1978  |2 SNKMA  |9 232499 
650 0 7 |a spoločnosť  |2 SNKPH  |9 1013 
650 0 7 |a osobnosti  |2 SNKPH  |9 29820 
650 0 7 |a listy  |2 SNKPH  |9 31005 
655 7 |a eseje  |2 SNKPH  |9 57030 
700 1 |a Ondruš, Rajmund,  |d 1929-2011  |4 trl  |9 167103 
700 1 |a Beghetto, Angelo  |4 aui  |9 428253 
700 1 |a Bárta, Igor  |4 cov  |9 428254 
852 |a Slovenská národná knižnica 
919 |a 0-920150-73-X 
954 |a spoločnosť (sociol.)  |a osobnosti významné 
958 |a OP 
958 |a ZS 
958 |a OND 
968 |d Z tal. orig. 
999 |c 680308  |d 682238 
952 |a SNK  |b SNK  |y VYP  |7 0  |p 17A1163072  |o snkSC 78163 D1  |i snkV 3092/94  |0 0  |1 0  |4 0  |d 2015-04-30  |f 1  |l 0  |r 2026-02-23 19:54:52  |w 2026-02-23